Write to the point

Bibliographic Details
Main Author: Goodman, Michael B.
Format: Book
Published: New Jersey : Prentice-Hall , c1984
Series:Bibliography. p.
Subjects:

MARC

LEADER 00000cam a2200000 7i4500
001 0000000719
005 20021126.0
020 |a 0139717625 
040 |a INS 
090 0 0 |a HF5721.   |b G64 1984 
100 1 |a Goodman, Michael B. 
245 1 0 |a Write to the point   |c Michael B. Goodman 
260 |a New Jersey :   |b Prentice-Hall ,   |c c1984 
300 |a xvi, 365p. :   |b ill. ;   |c 23 cm. 
440 0 |a Bibliography. p. 
500 |a Includes index 
650 0 0 |a Business report writting 
650 0 0 |a Commercial correspondence 
650 0 0 |a English language   |x Business English 
999 |a 0000000286   |b BOOK   |c Open Shelf   |e Default branch